000 00774 a2200193 4500
020 _a084937037X
020 _a9780849370373
040 _aDLC
_bDLC
082 _a681.2
245 0 0 _aSmart dust : sensor network applications, architecture, and design
_bsensor network applications, architecture, and design
_cMohammad Ilyas and Imad Mahgoub.
246 3 _aSmart dust [electronic resource]
260 _aBoca Raton, FL :
_bTaylor & Francis,
_c2006.
300 _a1 v. (various pagings ) :
_bill. ;
_c26 cm.
650 0 _aSensor networks.
700 1 _aIlyas, Mohammad,
_d1953-
700 1 _aMahgoub, Imad.
856 4 1 _uhttp://libproxy1.nus.edu.sg/login?url=http://www.telecommunicationsnetbase.com.libproxy1.nus.edu.sg/books/4444/7037_fm.pdf
942 _cBK
_k 681.2 MAH
_2ddc
999 _c8724
_d8724